00197nam a22000857a 4500020001500000100001800015245003500033260003100068300001200099 a0439343852 aBen M. Baglio aAnimal Ark: Foals in the Field aNew YorkbScholasticc1997 a133 pgs